| 000 | 00518nam a2200169Ia 4500 | ||
|---|---|---|---|
| 008 | 140609s9999 xx 000 0 und d | ||
| 020 | _a9780521547260 | ||
| 050 |
_aPE 1115 _b.M156 2008 |
||
| 100 | _aMacKenzie, Ian. | ||
| 245 |
_aEnglish for the financial sector : _bteacher's book / _cIan MacKenzie |
||
| 260 |
_aCambridge : _bCambridge University Press, _cc2008. |
||
| 300 |
_a108 p. ; _c27 cm. |
||
| 521 | _aBSBA | ||
| 650 |
_aFinance _xTerminology -- Study and teaching. |
||
| 942 |
_kFOR _cBK |
||
| 999 |
_c117979 _d117979 |
||